Statistics for 10 Most Valuable Greek Football Players

Click here to take the quiz!

General Stats

  • This quiz has been taken 53 times
    (8 since last reset)
  • The average score is 9 of 10

Answer Stats

Market ValueClubPlayer% Correct
€6.00mAtlanta United FCGeorgios Giakoumakis
100%
€18.00mWest Ham UnitedKonstantinos Mavropanos
100%
€22.00mLiverpool FCKonstantinos Tsimikas
100%
€25.00mAZ AlkmaarVangelis Pavlidis
100%
€9.00mCelta de VigoAnastasios Douvikas
88%
€10.00mPanathinaikos FCFotis Ioannidis
88%
€12.00mPAOK ThessalonikiGiannis Konstantelias
88%
€6.00mPAOK ThessalonikiKonstantinos Koulierakis
88%
€9.00mNottingham ForestOdysseas Vlachodimos
75%
€7.00mPanathinaikos FCAnastasios Bakasetas
50%

Score Distribution

Percentile by Number Answered

Percent of People with Each Score

Your Score History

You have not taken this quiz since the last reset